Представление документа в формате MARC21

Поле Инд. ПП Название Значение
Тип записи a
Библиографический уровень m
001 Контрольный номер 88817c16-6ac4-4f15-a1c9-f419ee240afc
005 Дата корректировки 20250305110852.3
008 Кодируемые данные 960430 d
020 a ISBN 5-09-007007-5
080 a Индекс УДК 882.09(075.3)
084 a Индекс другой классификации/Индекс ББК Ш5(2=411.2)6я721
090 c Каталожный индекс Ш5(2=411.2)6я721
x Авторский знак Р89
a Полочн. индекс Ш5(2=411.2)
100 1_ a Автор Чалмаев Виктор Андреевич
245 00 a Заглавие Русская литература XX века. 11 класс
n Номер части/ раздела Ч. 2
b Продолж. заглавия Очерки. Портреты. Эссе : Учеб. пособие для учащихся общеобразоват. учреждений : В 2 ч.
c Ответственность под ред. Ф. Ф. Кузнецова
246 03 a Другая форма заглавия Литература. 11 класс
250 a Основные сведения об издании 3-е изд.
260 0_ a Место издания Москва
b Издательство Просвещение
c Дата издания 1996
300 a Объем 382,[1] с.
500 a Примечание Библиогр. с.374-381.
504 a Библиография Библиогр.: с.371-381
650 04 a Основная рубрика Русская литература
x Основная подрубрика История
y Хронологическая подрубрика 20 в.
653 0_ a Ключевые слова Русская литература 20 в.
a Ключевые слова Учебники
700 1_ a Другие авторы Боборыкин Владимир Георгиевич
700 1_ a Другие авторы Павловский Алексей Ильич
700 1_ a Другие авторы Карпов А С
700 1_ a Другие авторы Пронина Е П
e Роль лиц сост.
700 1_ a Другие авторы Кузнецов Феликс Феодосьевич
e Роль лиц ред.
852 41 t Порядковый номер экземпляра 2
p Инвентарный номер 675825
p Инвентарный номер 675826
852 41 t Порядковый номер экземпляра 3
p Инвентарный номер 675827
p Инвентарный номер 675828
p Инвентарный номер 675829
930 a Новая/Ретро Учебники
952 c Вид литературы К ру
954 a Дата поступления на обработку 17.09.96